000 00741nam a2200229 a 4500
001 74522
003 BD-RjUL
005 20211209082550.0
008 181013r19721948ii ||||| i||| 001 0 eng d
035 _a(BD-RjUL)74740
040 _aBD-RjUL
_beng
_cBD-RjUL
041 _aeng
082 _223
_a301
_bKRA 1972
100 _4Kroeber, A. L.
_a(Alfred Louis),
_d1876-1960.
_9223682
245 _aAnthropology :
_brace, language, culture, psychology, prehistory /
_cKroeber.
250 _aIndian ed.
260 _aCalCutta ;
_aBombay :
_bOxford & IBH Publishing ,
_c1967( Reprint 1972)
300 _axii, 856, xxxix p. :
_bill. ;
_c24 cm.
504 _aIncludes Bibliographical and indexes.
650 _aAnthropology.
_9223683
942 _2ddc
_cBK
999 _c74522
_d74522